The suitcase kid / (Record no. 21439)

MARC details
000 -LEADER
fixed length control field 04308nam a2200553 a 4500
005 - DATE AND TIME OF LATEST TRANSACTION
control field 20070123135723.0
008 - FIXED-LENGTH DATA ELEMENTS--GENERAL INFORMATION
fixed length control field 000601r20011996nyua c 000 1 eng
010 ## - LCCN (DPL NO)
LC control number B-358957
020 ## - INTERNATIONAL STANDARD BOOK NUMBER
International Standard Book Number 0440867738
Terms of availability 232.00
020 ## - INTERNATIONAL STANDARD BOOK NUMBER
International Standard Book Number 0440867738
Terms of availability 220.00
020 ## - INTERNATIONAL STANDARD BOOK NUMBER
International Standard Book Number 9780440867739
Terms of availability 232.00
020 ## - INTERNATIONAL STANDARD BOOK NUMBER
International Standard Book Number 9780440867739
Terms of availability 220.00
035 ## - SYSTEM CONTROL NUMBER
System control number B-358957
035 ## - SYSTEM CONTROL NUMBER
System control number B-335992-336005
037 ## - SOURCE OF ACQUISITION
Source of stock number/acquisition Blueberry Books
040 ## - CATALOGING SOURCE
Original cataloging agency dpl
Language of cataloging English
082 ## - DEWEY DECIMAL CLASSIFICATION NUMBER
Classification number S
100 ## - MAIN ENTRY--PERSONAL NAME
Personal name Wilson, Jacqueline
245 ## - TITLE STATEMENT
Title The suitcase kid /
Statement of responsibility, etc by Jacqueline Wilson; illustrations by Nick Sharratt
260 ## - PUBLICATION, DISTRIBUTION, ETC. (IMPRINT)
Place of publication, distribution, etc London
Name of publisher, distributor, etc Corgi Yearling
Date of publication, distribution, etc 2006
270 ## - ADDRESS
Address 61-63 Uxbridge Road,
City London W5 5SA
300 ## - PHYSICAL DESCRIPTION
Extent 154 p. :
Other physical details ill.
Dimensions 20cm(pbk)
520 ## - SUMMARY, ETC.
Summary, etc Ten-year-old Mandy must endure torment from three nasty bullies in school, but she finds solace in a new friendship with an older girl.
650 ## - SUBJECT ADDED ENTRY--TOPICAL TERM
Form subdivision Fiction.
651 ## - SUBJECT ADDED ENTRY--GEOGRAPHIC NAME
Geographic name England
Form subdivision Fiction.
700 ## - ADDED ENTRY--PERSONAL NAME
Personal name Sharratt, Nick
856 ## - ELECTRONIC LOCATION AND ACCESS
Materials specified Contributor biographical information
Uniform Resource Identifier <a href="http://www.loc.gov/catdir/bios/random052/00043072.html">http://www.loc.gov/catdir/bios/random052/00043072.html</a>
856 ## - ELECTRONIC LOCATION AND ACCESS
Materials specified Sample text
Uniform Resource Identifier <a href="http://www.loc.gov/catdir/samples/random041/00043072.html">http://www.loc.gov/catdir/samples/random041/00043072.html</a>
856 ## - ELECTRONIC LOCATION AND ACCESS
Materials specified Publisher description
Uniform Resource Identifier <a href="http://www.loc.gov/catdir/description/random043/00043072.html">http://www.loc.gov/catdir/description/random043/00043072.html</a>
942 ## - ADDED ENTRY ELEMENTS (KOHA)
Source of classification or shelving scheme Dewey Decimal Classification
Item type English Books
Classification part S
Call number suffix WIL
Holdings
Withdrawn status Lost status Source of classification or shelving scheme Damaged status Not for loan Collection code Home library Current library Date acquired Source of acquisition Cost, normal purchase price Total Checkouts Full call number Barcode Checked out Date last seen Copy number Cost, replacement price Koha item type Total Renewals Public note
  Written-off vide DLB M. No. 383 dt 16.05.19 Dewey Decimal Classification     Fiction Bawana Bawana 22/05/2010 Blueberry Books /5140/26.05.09/3/24.04.09/03.06.09 220.00   S WIL B-336004   22/05/2010 1 220.00 Children Books    
    Dewey Decimal Classification     Fiction Central Library Central Library 22/05/2010 Blueberry Books /5140/26.05.09/3/24.04.09/03.06.09 220.00 3 S WIL B-335994   20/05/2020 1 220.00 Children Books 1  
    Dewey Decimal Classification     Fiction Janak Puri Janak Puri 19/01/2009 Blueberry Books/5312/14.9.09/82/2.9.09/24.9.09 232.00 17 S WIL B-358957 14/12/2013 30/11/2013 1 232.00 Children Books    
    Dewey Decimal Classification     Fiction Jor Bagh (Children Lib) Jor Bagh (Children Lib) 22/05/2010 Blueberry Books /5140/26.05.09/3/24.04.09/03.06.09 220.00   S WIL B-336000   22/05/2010 1 220.00 Children Books    
Written off   Dewey Decimal Classification     Fiction Karol Bagh Karol Bagh 22/05/2010 Blueberry Books /5140/26.05.09/3/24.04.09/03.06.09 220.00   S WIL B-336002   22/05/2010 1 220.00 Children Books   Written off on approval by DLB (By Circulation); dtd 15-06-2023
    Dewey Decimal Classification     Fiction Kasturba Gandhi Marg Kasturba Gandhi Marg 22/05/2010 Blueberry Books /5140/26.05.09/3/24.04.09/03.06.09 220.00 3 S WIL B-335996   09/11/2019 1 220.00 Children Books 1  
    Dewey Decimal Classification     Fiction Mobile Library Mobile Library 22/05/2010 Blueberry Books /5140/26.05.09/3/24.04.09/03.06.09 220.00   S WIL B-335992   22/05/2010 2 220.00 Children Books    
    Dewey Decimal Classification     Fiction Mobile Library Mobile Library 22/05/2010 Blueberry Books /5140/26.05.09/3/24.04.09/03.06.09 220.00   S WIL B-335993   22/05/2010 2 220.00 Children Books    
Written off   Dewey Decimal Classification     Fiction Narela Narela 22/05/2010 Blueberry Books /5140/26.05.09/3/24.04.09/03.06.09 220.00   S WIL B-336003   22/05/2010 1 220.00 Children Books   Written off on approval by DLB (By Circulation); dtd 15-06-2023
    Dewey Decimal Classification     Fiction New Rajendra Nagar New Rajendra Nagar 22/05/2010 Blueberry Books /5140/26.05.09/3/24.04.09/03.06.09 220.00   S WIL B-335998   22/05/2010 1 220.00 Children Books    
    Dewey Decimal Classification     Fiction Patel Nagar Patel Nagar 22/05/2010 Blueberry Books /5140/26.05.09/3/24.04.09/03.06.09 220.00   S WIL B-335995   22/05/2010 1 220.00 Children Books    
  Written-off vide DLB M. No. 383 dt 16.05.19 Dewey Decimal Classification     Fiction Peshwa Road Peshwa Road 22/05/2010 Blueberry Books /5140/26.05.09/3/24.04.09/03.06.09 220.00   S WIL B-335997   22/05/2010 1 220.00 Children Books    
    Dewey Decimal Classification     Fiction Sarojini Nagar Sarojini Nagar 22/05/2010 Blueberry Books /5140/26.05.09/3/24.04.09/03.06.09 220.00   S WIL B-335999   22/05/2010 1 220.00 Children Books    
  Written-off vide DLB M. No. 383 dt 16.05.19 Dewey Decimal Classification     Fiction Shahdara Branch Shahdara Branch 22/05/2010 Blueberry Books /5140/26.05.09/3/24.04.09/03.06.09 220.00   S WIL B-336005   22/05/2010 1 220.00 Children Books    
    Dewey Decimal Classification     Fiction Vinoba Puri Vinoba Puri 22/05/2010 Blueberry Books /5140/26.05.09/3/24.04.09/03.06.09 220.00 9 S WIL B-336001 10/02/2014 09/11/2013 1 220.00 Children Books 1  

© Delhi Public Library
Hit Counter
free hit counter